El derecho de acceso a la información publica y su incidencia en la carga laboral y la retardación de justicia en el tribunal de sentencia en el municipio y departamento de San Vicente (Registro nro. 10131)

Detalles MARC
000 -LEADER
fixed length control field 00833nam a2200205Ia 4500
005 - FECHA Y HORA DE LA ÚLTIMA TRANSACCIÓN
control field 20231202153210.0
008 - FIXED-LENGTH DATA ELEMENTS--GENERAL INFORMATION
fixed length control field 231202s9999 xx 000 0 und d
040 ## - CATALOGING SOURCE
Original cataloging agency UPAN
Transcribing agency Biblioteca San Vicente
Description conventions RCAA2
041 ## - LANGUAGE CODE
Language code of text/sound track or separate title spa
082 ## - DEWEY DECIMAL CLASSIFICATION NUMBER
Classification number 323.445 026
Item number Dia
año de publicación 2012
100 ## - MAIN ENTRY--PERSONAL NAME
Personal name Diaz Araujo, Maria del Carmen
Relator code aut.
245 #0 - TITLE STATEMENT
Title El derecho de acceso a la información publica y su incidencia en la carga laboral y la retardación de justicia en el tribunal de sentencia en el municipio y departamento de San Vicente
260 ## - PUBLICATION, DISTRIBUTION, ETC. (IMPRINT)
Date of publication, distribution, etc 2012
Place of publication, distribution, etc San Vicente:
Name of publisher, distributor, etc Universidad Panamericana,
300 ## - PHYSICAL DESCRIPTION
Extent 110 p.;
Dimensions 23 cm.
650 ## - SUBJECT ADDED ENTRY--TOPICAL TERM
Source of heading or term LEMB
Topical term or geographic name as entry element Información Pública
General subdivision Derecho
700 ## - ADDED ENTRY--PERSONAL NAME
Personal name Gamez, Fatima Dolores
Relator code aut.
700 ## - ADDED ENTRY--PERSONAL NAME
Personal name Gamez Virgina de los Angeles
Relator code aut.
700 ## - ADDED ENTRY--PERSONAL NAME
Personal name Hernandez Merino, Jose Alexander
Relator code aut.
942 ## - ADDED ENTRY ELEMENTS (KOHA)
Koha item type Libros
Source of classification or shelving scheme Dewey Decimal Classification
Existencias
Withdrawn status Lost status Source of classification or shelving scheme Damaged status Not for loan Collection code Home library Current library Date acquired Total Checkouts Full call number Barcode Date last seen Copy number Price effective from Koha item type
    Dewey Decimal Classification     Tesario Biblioteca UPAN San Vicente Biblioteca UPAN San Vicente 02/12/2023   323.445 026 Dia 12101114 02/12/2023 01 02/12/2023 Trabajos de Grado